Napkin folding and the decorations

Bibliographic Details
Main Author: Joues, Bridget
Other Authors: Brehaut, Madeleine
Format: Book
Published: United Kingdom : Acropolis Books , 1994
Subjects:

MARC

LEADER 00000cam a2200000 7i4500
001 0000006398
002 000006907
005 20000330.0
020 |a 1873762968 
090 0 0 |a 642.7   |b JON 
100 1 |a Joues, Bridget 
245 1 0 |a Napkin folding and the decorations   |c Bridget Jones and Madeleine Brehaut ; Special Photography by James Duncan 
260 |a United Kingdom :   |b Acropolis Books ,   |c 1994 
300 |a 96p. ;   |c 30cm. 
650 0 0 |a Napkin folding   |x Table setting and decoration 
700 1 |a Brehaut, Madeleine 
999 |a 038003   |b BUKU   |c PINJAMAN   |e PERPUSTAKAAN KOMUNITI PETALING JAYA